[Event "Clichy Masters"]
[Site "Clichy"]
[Date "1998.??.??"]
[Round "1"]
[White "Berthelot, Yannick"]
[Black "Montheard, Xavier"]
[Result "1-0"]
[WhiteElo "2285"]
[BlackElo "2220"]
[PlyCount "73"]
[EventDate "1998.07.??"]
[EventType "tourn"]
[EventRounds "9"]
[EventCountry "FRA"]
[EventCategory "2"]
[SourceTitle "EXT 1999"]
[Source "ChessBase"]
[SourceDate "1998.11.16"]
[SourceVersion "1"]
[SourceVersionDate "1998.11.16"]
[SourceQuality "1"]

1. e4 c5 2. Nf3 d6 3. d4 cxd4 4. Nxd4 Nf6 5. Nc3 g6 6. Be3 Bg7 7. f3 0-0 8. Qd2 Nc6 9. Bc4 Bd7 10. 0-0-0 Rc8 11. Bb3 Ne5 12. Kb1 Qe8 13. h4 b5 14. h5 Nxh5 15. Bh6 Rxc3 16. Bxg7 Kxg7 17. Qxc3 Nf6 18. Rhe1 Qb8 19. f4 b4 20. Qg3 Neg4 21. e5 dxe5 22. fxe5 Nh5 23. Qh4 Nxe5 24. Qxe7 Re8 25. Qc5 Bg4 26. Rc1 Nf6 27. Nc6 Nxc6 28. Qxc6 Be2 29. Qc5 Qb7 30. Qf2 Qa6 31. c3 bxc3 32. Rxc3 Re7 33. a3 Ne4 34. Qd4+ f6 35. Re3 Bb5 36. Rxe4 Bd3+ 37. Ka2 1-0

[Event "Saint Quentin op"]
[Site "Saint Quentin"]
[Date "1998.??.??"]
[Round "5"]
[White "Gofshtein, Leonid D"]
[Black "Montheard, Xavier"]
[Result "1-0"]
[WhiteElo "2520"]
[BlackElo "2220"]
[PlyCount "67"]
[EventDate "1998.??.??"]
[EventType "swiss"]
[EventRounds "9"]
[EventCountry "FRA"]
[SourceTitle "EXT 2000"]
[Source "ChessBase"]
[SourceDate "1999.11.16"]
[SourceVersion "1"]
[SourceVersionDate "1999.11.16"]
[SourceQuality "1"]

1. d4 Nf6 2. c4 c5 3. d5 e6 4. Nc3 exd5 5. cxd5 d6 6. e4 g6 7. f4 Bg7 8. Bb5+ Nfd7 9. a4 0-0 10. Nf3 Na6 11. 0-0 Nc7 12. Bd3 b6 13. Kh1 Nf6 14. f5 Ba6 15. Bg5 Bxd3 16. Qxd3 Nce8 17. h3 Qc7 18. Rab1 a6 19. Qe3 Rb8 20. Rfc1 Qd7 21. fxg6 fxg6 22. e5 dxe5 23. Nxe5 Qc7 24. Nc6 Rb7 25. a5 b5 26. Bf4 Qd7 27. Qxc5 b4 28. Ne2 Ne4 29. Qc4 N8d6 30. Bxd6 Nxd6 31. Qd3 Rf5 32. Ned4 Rxd5 33. Qb3 Qf7 34. Nd8 1-0

[Event "Paris"]
[Site "Paris"]
[Date "1998.??.??"]
[Round "8"]
[White "Le Quang, Kim"]
[Black "Montheard, Xavier"]
[Result "1-0"]
[WhiteElo "2265"]
[BlackElo "2220"]
[PlyCount "71"]
[EventDate "1998.??.??"]
[EventType "tourn"]
[EventRounds "9"]
[EventCountry "FRA"]
[SourceTitle "EXT 2000"]
[Source "ChessBase"]
[SourceDate "1999.11.16"]
[SourceVersion "1"]
[SourceVersionDate "1999.11.16"]
[SourceQuality "1"]

1. e4 c5 2. Nf3 d6 3. d4 cxd4 4. Nxd4 Nf6 5. Nc3 g6 6. Bc4 Bg7 7. 0-0 0-0 8. h3 a6 9. Bb3 b5 10. Re1 Bb7 11. a4 b4 12. Nd5 Nbd7 13. Bg5 Re8 14. a5 Nc5 15. Bxf6 exf6 16. Nxb4 Rxe4 17. Rxe4 Nxe4 18. Bd5 Qd7 19. Bxb7 Qxb7 20. Ndc6 Qb5 21. Qd5 Qxd5 22. Nxd5 Kf8 23. Nb6 Re8 24. Nd7+ Kg8 25. Re1 Re6 26. f3 Nc5 27. Rxe6 fxe6 28. Ndb8 Kf7 29. b4 Ke8 30. bxc5 dxc5 31. Nxa6 Kd7 32. Nab8+ Kc7 33. a6 Bh6 34. Kf2 e5 35. a7 Kb7 36. Nd7 1-0

[Event "Saint Quentin op"]
[Site "Saint Quentin"]
[Date "1998.??.??"]
[Round "4"]
[White "Montheard, Xavier"]
[Black "Georgiev, Krum"]
[Result "0-1"]
[WhiteElo "2220"]
[BlackElo "2525"]
[PlyCount "82"]
[EventDate "1998.??.??"]
[EventType "swiss"]
[EventRounds "9"]
[EventCountry "FRA"]
[SourceTitle "EXT 2000"]
[Source "ChessBase"]
[SourceDate "1999.11.16"]
[SourceVersion "1"]
[SourceVersionDate "1999.11.16"]
[SourceQuality "1"]

1. f4 c5 2. Nf3 g6 3. e3 Bg7 4. Be2 Nf6 5. 0-0 0-0 6. d3 Nc6 7. Qe1 d5 8. Qg3 Ne8 9. Nbd2 Nd6 10. e4 Nb4 11. Ne1 c4 12. e5 Nf5 13. Qf2 cxd3 14. cxd3 f6 15. d4 Qb6 16. Ndf3 Bd7 17. g4 Nh6 18. h3 Rac8 19. Bd3 Nxa2 20. Be3 Nb4 21. Qd2 f5 22. g5 Nf7 23. Rf2 Rc7 24. h4 Rfc8 25. h5 Nd8 26. Nh4 Be8 27. Rh2 e6 28. Qg2 Ndc6 29. hxg6 hxg6 30. Nhf3 Ne7 31. Qh3 Kf7 32. Qh7 Nxd3 33. Nxd3 Qb3 34. Ra3 Qd1+ 35. Nde1 Bb5 36. Rxa7 Be2 37. Kf2 Ba6 38. Kg3 Nc6 39. Rh6 Ne7 40. Bf2 Qe2 41. Nh4 Rc2 0-1

[Event "Paris"]
[Site "Paris"]
[Date "1998.??.??"]
[Round "9"]
[White "Montheard, Xavier"]
[Black "Marzolo, Cyril"]
[Result "1/2-1/2"]
[WhiteElo "2220"]
[BlackElo "2355"]
[PlyCount "24"]
[EventDate "1998.??.??"]
[EventType "tourn"]
[EventRounds "9"]
[EventCountry "FRA"]
[SourceTitle "EXT 2000"]
[Source "ChessBase"]
[SourceDate "1999.11.16"]
[SourceVersion "1"]
[SourceVersionDate "1999.11.16"]
[SourceQuality "1"]

1. e4 e6 2. d4 d5 3. Nc3 Nf6 4. e5 Nfd7 5. Bf4 c5 6. Nf3 Nc6 7. Be3 cxd4 8. Nxd4 Bc5 9. Qd2 0-0 10. 0-0-0 h6 11. Kb1 Nxd4 12. Bxd4 Qc7 1/2-1/2

[Event "Paris"]
[Site "Paris"]
[Date "1998.??.??"]
[Round "2"]
[White "Montheard, Xavier"]
[Black "Parmentier, Xavier"]
[Result "1-0"]
[WhiteElo "2220"]
[BlackElo "2335"]
[PlyCount "115"]
[EventDate "1998.??.??"]
[EventType "tourn"]
[EventRounds "9"]
[EventCountry "FRA"]
[SourceTitle "EXT 2000"]
[Source "ChessBase"]
[SourceDate "1999.11.16"]
[SourceVersion "1"]
[SourceVersionDate "1999.11.16"]
[SourceQuality "1"]

1. e4 c5 2. Nf3 Nc6 3. Bb5 d6 4. 0-0 Bd7 5. Re1 Nf6 6. c3 a6 7. Bf1 Bg4 8. d3 g6 9. h3 Bxf3 10. Qxf3 Bg7 11. Be3 0-0 12. Nd2 Nd7 13. Qe2 b5 14. Rac1 b4 15. Nc4 bxc3 16. bxc3 Nb6 17. Nb2 a5 18. a4 Qd7 19. Qd2 e5 20. f4 exf4 21. Bxf4 d5 22. exd5 Nxd5 23. Be3 Nxe3 24. Qxe3 Nd4 25. Qe7 Qc6 26. Qe4 Qxe4 27. dxe4 Nb3 28. Rc2 Rfd8 29. Bc4 Rab8 30. Bd5 Nd4 31. Rf2 Ne6 32. Nd1 Rb1 33. Ref1 Ng5 34. Rd2 Kf8 35. h4 Nxe4 36. Bxe4 Rxd2 37. Bxb1 f5 38. Re1 Be5 39. Ne3 Bg3 40. Rf1 Bxh4 41. Nc4 Rd8 42. Bc2 Bf6 43. Rf3 Ra8 44. Kf1 Kg7 45. Ke2 h5 46. Rd3 h4 47. Rd7+ Kh6 48. Kd3 Kg5 49. Nb6 Rd8 50. Bd1 Be7 51. Rxd8 Bxd8 52. Nd7 h3 53. gxh3 Kh4 54. Kc4 g5 55. Kxc5 Kxh3 56. Kd4 f4 57. Ke4 Kg3 58. c4 1-0

[Event "Saint Quentin op"]
[Site "Saint Quentin"]
[Date "1998.??.??"]
[Round "9"]
[White "Montheard, Xavier"]
[Black "Pytel, Krzysztof"]
[Result "0-1"]
[WhiteElo "2220"]
[BlackElo "2380"]
[PlyCount "114"]
[EventDate "1998.??.??"]
[EventType "swiss"]
[EventRounds "9"]
[EventCountry "FRA"]
[SourceTitle "EXT 2000"]
[Source "ChessBase"]
[SourceDate "1999.11.16"]
[SourceVersion "1"]
[SourceVersionDate "1999.11.16"]
[SourceQuality "1"]

1. e4 d5 2. exd5 Qxd5 3. Nc3 Qd6 4. d4 Nf6 5. Bc4 c6 6. Nge2 Bf5 7. Bf4 Qd8 8. 0-0 e6 9. Bd3 Bxd3 10. Qxd3 Be7 11. Rfe1 0-0 12. Bg5 Nbd7 13. Ng3 Re8 14. Rad1 Qb6 15. Bd2 Rad8 16. Na4 Qc7 17. c4 a6 18. Nc3 b5 19. b3 Qb6 20. Qe3 Nf8 21. Nce2 Rd7 22. Bc3 Red8 23. Rd2 Ng6 24. Red1 b4 25. Bb2 Qa5 26. h3 Qc7 27. Ne4 Nxe4 28. Qxe4 Bf6 29. g3 h6 30. Kg2 Ne7 31. Ng1 a5 32. Nf3 a4 33. Rd3 Qa5 34. Bc1 Qf5 35. Qe2 c5 36. d5 exd5 37. cxd5 Rxd5 38. Rxd5 Rxd5 39. Rxd5 Qxd5 40. Qb5 axb3 41. axb3 Nc6 42. Qb7 g5 43. g4 Kg7 44. Bd2 Bc3 45. Be3 Bd4 46. Bd2 Kf6 47. Qa8 Kg7 48. Qb7 Qe4 49. Bc1 Qc2 50. Qxc6 Qxf2+ 51. Kh1 Qf1+ 52. Kh2 Qxc1 53. Nxd4 Qf4+ 54. Kg2 cxd4 55. Qc4 Qd2+ 56. Kf1 Qc3 57. Qd5 Qxh3+ 0-1

[Event "Saint Quentin op"]
[Site "Saint Quentin"]
[Date "1998.??.??"]
[Round "4"]
[White "Nikcevic, Nebojsa"]
[Black "Montheard, Xavier"]
[Result "0-1"]
[WhiteElo "2505"]
[BlackElo "2220"]
[PlyCount "84"]
[EventDate "1998.??.??"]
[EventType "swiss"]
[EventRounds "9"]
[EventCountry "FRA"]
[SourceTitle "EXT 2000"]
[Source "ChessBase"]
[SourceDate "1999.11.16"]
[SourceVersion "1"]
[SourceVersionDate "1999.11.16"]
[SourceQuality "1"]

1. d4 Nf6 2. Nf3 c5 3. d5 d6 4. Nc3 g6 5. e4 Bg7 6. Bc4 0-0 7. 0-0 Bg4 8. h3 Bxf3 9. Qxf3 Nbd7 10. Be2 a6 11. a4 b6 12. Bg5 Qc7 13. Qd3 Rfc8 14. f4 c4 15. Qe3 Rab8 16. Rad1 b5 17. axb5 axb5 18. Bf3 Re8 19. Kh1 b4 20. Ne2 b3 21. c3 Nc5 22. Nd4 Nd3 23. Rd2 Qb6 24. Be2 Nc5 25. Bf3 Nd3 26. e5 Qc5 27. e6 Rf8 28. exf7+ Rxf7 29. Qe6 h6 30. Nc6 hxg5 31. Rxd3 cxd3 32. fxg5 Rbf8 33. gxf6 Bxf6 34. Qg4 Qe3 35. Qxg6+ Rg7 36. Qe4 Qxe4 37. Bxe4 Bxc3 38. Rd1 Bxb2 39. Rxd3 Bc1 40. Rxb3 Rf1+ 41. Kh2 Re1 42. Bf5 Bf4+ 0-1

[Event "Toulouse op"]
[Site "Toulouse "]
[Date "1997.??.??"]
[Round "5"]
[White "Kleinplatz, Sam"]
[Black "Montheard, Xavier"]
[Result "1-0"]
[WhiteElo "2345"]
[BlackElo "2205"]
[PlyCount "55"]
[EventDate "1997.??.??"]
[EventType "swiss"]
[EventRounds "7"]
[EventCountry "FRA"]
[SourceTitle "EXT 2004"]
[Source "ChessBase"]
[SourceDate "2003.11.25"]
[SourceVersion "1"]
[SourceVersionDate "2003.11.25"]
[SourceQuality "1"]

1. c4 c5 2. Nc3 Nc6 3. Nf3 g6 4. g3 Bg7 5. Bg2 Nf6 6. d4 cxd4 7. Nxd4 0-0 8. 0-0 Ng4 9. e3 d6 10. b3 a6 11. Bb2 Nxd4 12. exd4 Rb8 13. Qe2 Nh6 14. Nd5 e6 15. Ne3 Nf5 16. Rfd1 Qg5 17. Nxf5 gxf5 18. f4 Qe7 19. d5 b5 20. Bxg7 Kxg7 21. Rac1 bxc4 22. Rxc4 Bb7 23. Qe3 Rfc8 24. Rdc1 Rxc4 25. Rxc4 Qf6 26. dxe6 Bxg2 27. Kxg2 fxe6 28. Qa7+ 1-0

[Event "Paris op-B"]
[Site "Paris"]
[Date "1996.??.??"]
[Round "?"]
[White "Montheard, Xavier"]
[Black "Chardin, Thierry"]
[Result "1/2-1/2"]
[WhiteElo "2200"]
[BlackElo "2120"]
[PlyCount "21"]
[EventDate "1996.04.??"]
[EventType "swiss"]
[EventRounds "9"]
[EventCountry "FRA"]
[SourceTitle "EXT 2004"]
[Source "ChessBase"]
[SourceDate "2003.11.25"]
[SourceVersion "1"]
[SourceVersionDate "2003.11.25"]
[SourceQuality "1"]

1. e4 c5 2. d4 cxd4 3. c3 dxc3 4. Nxc3 Nc6 5. Nf3 e6 6. Bc4 Qc7 7. 0-0 Nf6 8. e5 Nxe5 9. Nxe5 Qxe5 10. Re1 Qc5 11. Bf1 1/2-1/2

[Event "FRA-ch Accession"]
[Site "Auxerre"]
[Date "1996.??.??"]
[Round "3"]
[White "Montheard, Xavier"]
[Black "Fressinet, Laurent"]
[Result "0-1"]
[WhiteElo "2205"]
[BlackElo "2315"]
[PlyCount "88"]
[EventDate "1996.??.??"]
[EventType "swiss"]
[EventRounds "10"]
[EventCountry "FRA"]
[SourceTitle "EXT 2004"]
[Source "ChessBase"]
[SourceDate "2003.11.25"]
[SourceVersion "1"]
[SourceVersionDate "2003.11.25"]
[SourceQuality "1"]

1. e4 c5 2. b4 cxb4 3. d4 d5 4. e5 Nc6 5. a3 Qb6 6. Be3 Bf5 7. Bd3 Bxd3 8. Qxd3 bxa3 9. Nxa3 e6 10. c3 Bxa3 11. Rxa3 Qb2 12. Ra4 a6 13. Qd2 Qb1+ 14. Qd1 Qxd1+ 15. Kxd1 Nge7 16. Nf3 b5 17. Ra3 Nc8 18. Ke2 Nb6 19. Rha1 Na4 20. Nd2 Na5 21. Rxa4 bxa4 22. Rxa4 Nc6 23. Nb3 0-0 24. Nc5 a5 25. Kd3 Rab8 26. Kc2 Rb5 27. Nd3 Rc8 28. Kd1 Rcb8 29. Bc1 f6 30. exf6 gxf6 31. Bf4 Rc8 32. Bd6 Kf7 33. Kd2 h5 34. h4 Nd8 35. Nf4 Rb2+ 36. Kc1 Rxf2 37. Rxa5 Rxc3+ 38. Kd1 Rb3 39. Ra7+ Rb7 40. Rxb7+ Nxb7 41. Bc7 Ra2 42. g3 Na5 43. Nxh5 Nc6 44. Bb6 Ra4 0-1